| 000 | 00654nam a2200229Ia 4500 | ||
|---|---|---|---|
| 001 | 9191 | ||
| 003 | GE_BSU | ||
| 008 | 181216s||||||||xx |||||||||||||| ||und|| | ||
| 040 | _cGE_BSU | ||
| 080 | _a821.353.1–1 | ||
| 100 | _aლორთქიფანიძე,შალვა | ||
| 245 | _aმზის ღიმილი | ||
| 245 | _bლექსები | ||
| 245 | _cრედ.ვ.კალანდია | ||
| 260 | _aსოხუმი | ||
| 260 | _bაფსახელგამი | ||
| 260 | _c1941 | ||
| 300 | _a103გვ.15სმ. | ||
| 653 | _aლექსები | ||
| 653 | _aმზის ღიმილი | ||
| 942 | _cBK | ||
| 999 |
_c42494 _d42494 |
||